• 首页
  • 本馆介绍
  • 公告通知
  • 最新文献
  • 馆藏检索
  • 电子资源
  • 读者导购
  • 参考咨询
  • 我的图书馆
  • 登录
  • 详细信息显示
  • 放入我的书架
  • 预约/预借图书
  • 作者相关作品
  • 分类相关作品
  • 丛书相关作品
  • 出版社相关作品

书目信息

  • 表格格式
  • 工作单格式
  • 卡片格式
题名:
易辞深玩
    
 
作者: 姚立江, , 勾淑玲, 著
分册:  
出版信息: 哈尔滨   黑龙江人民出版社  2019.01
页数: 10, 339页
开本: 24cm
丛书名:
单 册:
中图分类: B221.2
科图分类:
主题词: 先秦哲学--xian qin zhe xue
电子资源:
ISBN: 978-7-207-11647-5
000 01303nam0 2200301 450
001 CAL 0120192678648
005 20230217093112.0
010    @a978-7-207-11647-5@dCNY68.00
100    @a20190226d2019 em y0chiy0120 ea
101 0  @achi
102    @aCN@b230000
105    @ay a 000yy
106    @ar
200 1  @a易辞深玩@Ayi ci shen wan@e《周易》卦爻辞岐解辨正与义理阐释@f姚立江, 勾淑玲著
210    @a哈尔滨@c黑龙江人民出版社@d2019.01
215    @a10, 339页@d24cm
300    @a2018年度黑龙江省社会科学学术著作出版资助项目
314    @a姚立江, 文学学士, 哈尔滨师范大学汉语言文学专业教授。勾淑玲, 哈尔滨师范大学组织部研究员。
320    @a有书目
330    @a本书是一部对经典易辞进行歧解辨正和义理解读的著作。本书从《周易》本经的四百五十则易辞中, 精选出近百则被人们广为征引、讨论的著名易辞作为研究对象, 梳理归纳每则易辞的歧解异说, 厘清分歧的焦点所在, 进而对歧解异说进行辨正或提出新解, 最终达到阐释义理的目的。
517 1  @a《周易》卦爻辞岐解辨正与义理阐释@A《 zhou yi 》 gua yao ci qi jie bian zheng yu yi li chan shi
605    @a周易@Azhou yi@x注释
606 0  @a先秦哲学@Axian qin zhe xue
690    @aB221.2@v5
701  0 @a姚立江,@Ayao li jiang@f1961-@4著
701  0 @a勾淑玲,@Agou shu ling@f1965-@4著
801  0 @aCN@bBJXHZP@c20230228
905    @b1395338-41@dB221.2@e1046@f4
    
    易辞深玩:《周易》卦爻辞岐解辨正与义理阐释/姚立江, 勾淑玲著.-哈尔滨:黑龙江人民出版社,2019.01
    10, 339页;24cm
    2018年度黑龙江省社会科学学术著作出版资助项目
    
    ISBN 978-7-207-11647-5:CNY68.00
    本书是一部对经典易辞进行歧解辨正和义理解读的著作。本书从《周易》本经的四百五十则易辞中, 精选出近百则被人们广为征引、讨论的著名易辞作为研究对象, 梳理归纳每则易辞的歧解异说, 厘清分歧的焦点所在, 进而对歧解异说进行辨正或提出新解, 最终达到阐释义理的目的。
●
相关链接 在E读中查询图书 在五车中查询图书 在当当中查询图书 在豆瓣中查询图书


正题名:易辞深玩     索取号:B221.2/1046         预约/预借

序号 登录号 条形码 馆藏地/架位号 状态 备注
1 1395338   213953382   第一样本阅览室/ [索取号:B221.2/1046] 在馆    
2 1395339   213953391   第一借阅区/ [索取号:B221.2/1046] 在馆    
3 1395340   213953408   第一借阅区/ [索取号:B221.2/1046] 在馆    
4 1395341   213953417   第一借阅区/ [索取号:B221.2/1046] 在馆    
唐山师范学院图书馆 欢迎您!
大连网信软件有限公司© 版权所有